| 000 | 00511nam a22001937a 4500 | ||
|---|---|---|---|
| 005 | 20230601125327.0 | ||
| 008 | 230601b |||||||| |||| 00| 0 eng d | ||
| 020 | _a9788121924405 | ||
| 041 | 0 | _aeng | |
| 082 | 0 | 4 |
_a621 _bTHE |
| 100 | 1 |
_aTheraja, B. L. _945343 |
|
| 245 | 1 | 0 |
_aA textbook of electrical technology _cby B. L. Theraja |
| 250 | _a4th ed. | ||
| 260 |
_aNew Delhi _bS. Chand Publication _c2023 |
||
| 300 | _a300p. | ||
| 650 | 0 |
_aEngineering _945344 |
|
| 700 | 1 |
_aMondal, S. K. _945345 |
|
| 942 | _cBK | ||
| 999 |
_c61092 _d61092 |
||